Flagi państw wyspiarskich - nagła śmierć - Statystyki

Ogólne statystyki
  • Ten quiz został rozwiązany 8 908 razy
  • Średni wynik to 11 z 18
Answers on the Grid
Answers color-coded by a green-red scale on the quiz's grid according to % correct below.
 
Statystyki odpowiedzi
Odpowiedź % Poprawnych
Cypr
75%
Malta
69%
Wielka Brytania
68%
Jamajka
66%
Islandia
66%
Nowa Zelandia
66%
Kuba
64%
Sri Lanka
62%
Filipiny
61%
Seszele
61%
Irlandia
58%
Dominikana
56%
Haiti
56%
Tajwan
56%
Papua Nowa Gwinea
55%
Bahamy
55%
Trynidad i Tobago
51%
Komory
48%
Nie znaleziono quizów pasujących do podanych kryteriów
Rozkład punktacji
Procent ludzi z każdym wynikiem
Percentyl według liczby udzielonych odpowiedzi
Twoja historia wyników
Nie rozwiązałeś tego quizu